00345nam a2200121Ia 4500008004000000020001600040082001500056100001800071245006500089260004200154300000800196650001900204210210b1970 xxu||||| |||| 00| 0 eng d a435 27350 7 a395.4 GORP aGORDON (Ian). aPractical letter writing with exercises and worked examples. aNDbHeinemann Educational Booksc1970 a120 aletter writing